000 00848cam a22002533a 4500
001 18320
003 PGUSA
005 20140828083405.0
008 060505s2006||||xxu|||||s|||||000 | eng d
040 _aPGUSA
_beng
042 _adc
050 4 _aQL
050 4 _aSH
100 1 _aCalkins, Gary N.
_q(Gary Nathan),
_d1869-1943
245 1 0 _aMarine Protozoa from Woods Hole :
_bBulletin of the United States Fish Commission 21:415-468, 1901
_h[electronic resource] /
_cGary N. Calkins
260 _bProject Gutenberg,
_c2006
506 _aPublic domain in the USA.
516 _aElectronic text
653 _aProtozoa -- Massachusetts -- Woods Hole
653 _aUnited States Fisheries Biological Station at Woods Hole, Massachusetts
830 0 _aProject Gutenberg
_v18320
856 4 0 _uhttp://www.gutenberg.org/ebooks/18320
942 _cEB
999 _c247575
_d247575